LEADER 01249nam0-22004451i-450- 001 990000253410403321 005 20100304183432.0 010 $a0-07-024331-X 035 $a000025341 035 $aFED01000025341 035 $a(Aleph)000025341FED01 035 $a000025341 100 $a20100304d1961----km-y0itay50------ba 101 0 $aeng 102 $aUS 105 $ay-------001yy 200 1 $a<>introduction to linear statistical models$fFranklin A. Graybill 210 $aNew York$cMcGraw-Hill$d1961 215 $av.$d23 cm 225 1 $aMcGraw-Hill series in probability and statistics 307 $a1. : XIII, [1], 463 p 610 0 $aProbabilità e statistica 610 0 $aRegressione, Modello lineare 610 0 $aStatistica matematica 676 $a519.5 700 1$aGraybill,$bFranklin A.$07736 801 0$aIT$bUNINA$gRICA$2UNIMARC 901 $aBK 912 $a990000253410403321 952 $a09 042-094/1$b3004$fDINAE 952 $aB/3.1 GRA$b031845$fSES 952 $aXIII-B-1$b1879$fMAS 952 $a9-G-21$b3765$fMA1 959 $aDINAE 959 $aMAS 959 $aSES 959 $aMA1 962 $a62Jxx 996 $aIntroduction to linear statistical models$9117610 997 $aUNINA LEADER 01653nas 2200373 n 450 001 990009058440403321 005 20240229084345.0 011 $a0049-1241 035 $a000905844 035 $aFED01000905844 035 $a(Aleph)000905844FED01 035 $a000905844 091 $2CNR$aP 00120261 100 $a20161109a19729999km-y0itaa50------ba 101 0 $aeng 110 $aauu-------- 200 1 $aSociological methods and research 207 1$a1972- 210 $aBeverly Hills - London - New Delhi$cSage Publications 452 0$12001$aSociological methods & research (Online) 517 0 $aSociological methods & research 530 0 $aSociological methods and research 675 $a301 676 $a301/.07/2 801 0$aIT$bACNP$c20090723 859 4 $uhttp://acnp.cib.unibo.it/cgi-ser/start/it/cnr/dc-p1.tcl?catno=67137&person=false&language=ITALIANO&libr=&libr_th=unina1$zBiblioteche che possiedono il periodico 901 $aSE 912 $a990009058440403321 958 $aBiblioteca Centralizzata della Facoltà di Sociologia dell'Università di Napoli "Federico II"$b1990-$e301.072 INGL 2$fBFS 959 $aBFS 996 $aSociological methods and research$9786533 997 $aUNINA AP1 8 $6866-01$aNA078 Biblioteca Centralizzata della Facoltà di Sociologia dell'Università di Napoli "Federico II"$b301.072 INGL 2$evico Monte della Pietà, 1, 80138 Napoli (NA)$m+39 081 2535850/1$m+39 081 2535833$nit AP2 40$aacnp.cib.unibo.it$nACNP Italian Union Catalogue of Serials$uhttp://acnp.cib.unibo.it/cgi-ser/start/it/cnr/df-p.tcl?catno=67137&language=ITALIANO&libr=&person=&B=1&libr_th=unina&proposto=NO